Najčastejšie manažérske prešľapy a ako sa im vyhnúť

Najčastejšie chyby manažérov. Nedostatok sebareflexie. Nedostatočná pozornosť venovaná podriadeným. Projekcia vlastných cieľov do očakávaní od podriadených. Nerešpektovanie odlišných názorov od štandardu. Neprimerané správanie. Nejasná komunikácia.

Guardado en:
Detalles Bibliográficos
Autor principal: Prodaj, Martin
Formato: Capítulo de libro
Lenguaje:eslovaco
Materias:
Etiquetas: Agregar Etiqueta
Sin Etiquetas, Sea el primero en etiquetar este registro!

MARC

LEADER 00000naa$a2200000$$$4500
001 0094338
005 20230912093819.8
041 0 |a slo 
044 |a SK 
245 1 0 |a Najčastejšie manažérske prešľapy a ako sa im vyhnúť  |c Martin Prodaj 
520 |a Najčastejšie chyby manažérov. Nedostatok sebareflexie. Nedostatočná pozornosť venovaná podriadeným. Projekcia vlastných cieľov do očakávaní od podriadených. Nerešpektovanie odlišných názorov od štandardu. Neprimerané správanie. Nejasná komunikácia. 
610 2 0 |a manažéri 
610 2 0 |a riadenie 
610 2 0 |a tímy pracovné 
610 2 0 |a podriadení 
610 2 0 |a komunikácia 
610 2 0 |a správanie 
100 1 |a Prodaj, Martin